[Event "XXXVII Olimpiadi femminile"]
[Site "Torino ITA"]
[Date "2006.05.24"]
[Round "4.2"]
[White "Steil-Antoni, Fiona"]
[Black "Thorsteinsdottir, Gudlaug"]
[Result "1/2-1/2"]
[WhiteElo "1968"]
[BlackElo "2138"]
[Annotator "ISL-LUX"]
[PlyCount "75"]
[EventDate "2006.05.21"]

1. e4 c5 2. Nf3 e6 3. c3 d5 4. exd5 Qxd5 5. d4 Nf6 6. Bd3 Nc6 7. O-O Qd8 8. Be3
cxd4 9. cxd4 Be7 10. Nc3 O-O 11. a3 b6 12. Bc2 Bb7 13. Qd3 Re8 14. Rad1 g6 15.
Bf4 Rc8 16. Ne5 Nd5 17. Nxd5 Qxd5 18. Nf3 Bf6 19. Bb3 Qa5 20. Rfe1 Ne7 21. Be5
Bg7 22. Ng5 Bd5 23. Qh3 h6 24. Ne4 Bxb3 25. Qxb3 Red8 26. Nd6 Rc6 27. Qg3 Qd5
28. Ne4 Nf5 29. Qf4 Bxe5 30. Qxe5 Qxe5 31. dxe5 Rxd1 32. Rxd1 Kg7 33. Kf1 Rc2
34. Rd2 Rxd2 35. Nxd2 Ne7 36. Ke2 g5 37. Kd3 Kg6 38. g4 1/2-1/2

[Event "XXXVII Olimpiadi femminile"]
[Site "Torino ITA"]
[Date "2006.05.24"]
[Round "4.3"]
[White "Ikpa Glewis, Pauline Tresa"]
[Black "Martinez, Natiska"]
[Result "1/2-1/2"]
[WhiteElo "1969"]
[BlackElo "2050"]
[Annotator "NGR-PUR"]
[PlyCount "139"]
[EventDate "2006.05.21"]

1. e4 c5 2. Nf3 Nc6 3. d4 cxd4 4. Nxd4 e5 5. Nb5 d6 6. N1c3 a6 7. Na3 b5 8. Nd5
Be7 9. c3 f5 10. exf5 Bxf5 11. Nc2 Be6 12. Nce3 Nf6 13. g3 O-O 14. Bg2 Rc8 15.
O-O Na5 16. a4 Nc4 17. axb5 axb5 18. Ra7 Rf7 19. Nxf6+ Bxf6 20. Rxf7 Bxf7 21.
Nd5 Kh8 22. b3 Nb6 23. Be3 Nxd5 24. Bxd5 Bxd5 25. Qxd5 Rxc3 26. Qxb5 d5 27. Bd2
Rc8 28. Ba5 Qd6 29. Bd2 Rb8 30. Qa4 Qb6 31. Rc1 Qb7 32. b4 h6 33. b5 Qxb5 34.
Rc8+ Kh7 35. Qc2+ e4 36. Qc1 Qb1 37. Rxb8 Qxb8 38. Qc6 Qe5 39. Bf4 Qd4 40. Qe6
Qd1+ 41. Kg2 Qf3+ 42. Kg1 Qh5 43. Kg2 Bd4 44. g4 Qg6 45. Qxg6+ Kxg6 46. Kf1 Kf6
47. Ke2 Bb6 48. f3 g5 49. Bc1 exf3+ 50. Kxf3 Ke5 51. Ba3 Kf6 52. Bf8 Kg6 53.
Ke2 h5 54. h3 hxg4 55. hxg4 Kf6 56. Bh6 Bd8 57. Kd3 Ke6 58. Bg7 Kd6 59. Bf8+
Ke6 60. Bg7 Bc7 61. Bb2 Be5 62. Ba3 Ba1 63. Bf8 Bf6 64. Ba3 Ke5 65. Bb2+ Ke6
66. Ba3 Be5 67. Bc1 Bf6 68. Ba3 d4 69. Bb2 Kd5 70. Ba1 1/2-1/2

[Event "XXXVII Olimpiadi femminile"]
[Site "Torino ITA"]
[Date "2006.05.24"]
[Round "4.2"]
[White "Quinn, Deborah"]
[Black "Delai, Paula Fernanda"]
[Result "1/2-1/2"]
[WhiteElo "1813"]
[BlackElo "2042"]
[Annotator "BRA-IRL"]
[PlyCount "108"]
[EventDate "2006.05.21"]

1. e4 c5 2. Nc3 Nc6 3. f4 g6 4. Nf3 Bg7 5. Bb5 Nd4 6. O-O Nf6 7. h3 O-O 8. e5
Ne8 9. Kh1 Nxb5 10. Nxb5 d5 11. d4 Nc7 12. Nxc7 Qxc7 13. Qe2 Bf5 14. dxc5 Qxc5
15. c3 Rac8 16. Be3 Qc4 17. Qxc4 Rxc4 18. Nd4 Bd7 19. Rad1 Ra4 20. a3 Rc4 21.
Rd3 b6 22. Re1 Rd8 23. Bc1 Bc8 24. Rde3 h5 25. R3e2 a5 26. Be3 Ba6 27. Rf2 b5
28. Bd2 b4 29. axb4 axb4 30. Rf3 bxc3 31. Bxc3 e6 32. g4 hxg4 33. hxg4 Bf8 34.
b3 Rcc8 35. b4 Rxc3 36. Rxc3 Bxb4 37. Rcc1 Bxe1 38. Rxe1 Bd3 39. g5 Rb8 40. Rd1
Be4+ 41. Kg1 Rb2 42. Ra1 Rb4 43. Rd1 Rb2 44. Ra1 Bf5 45. Ra8+ Kg7 46. Ra4 Kf8
47. Ra8+ Ke7 48. Ra7+ Kf8 49. Ra8+ Kg7 50. Ra4 Rd2 51. Rb4 Bd3 52. Rb7 Ba6 53.
Nxe6+ Kg8 54. Rb8+ Kh7 1/2-1/2

[Event "XXXVII Olimpiadi femminile"]
[Site "Torino ITA"]
[Date "2006.05.24"]
[Round "4.1"]
[White "Methmali, Uluwitike Gamage Yashod"]
[Black "De Blecourt Dalsberg, Sandra"]
[Result "0-1"]
[WhiteElo "1872"]
[BlackElo "2077"]
[Annotator "SRI-DEN"]
[PlyCount "50"]
[EventDate "2006.05.21"]

1. e4 d5 2. exd5 Qxd5 3. Nc3 Qa5 4. d4 Nf6 5. Bc4 Bg4 6. f3 Bf5 7. Nge2 e6 8.
O-O Nbd7 9. Bd2 Qb6 10. Bb3 Bd6 11. Kh1 c6 12. Qe1 O-O-O 13. Na4 Qc7 14. g3 h5
15. c4 h4 16. c5 Bxg3 17. hxg3 hxg3+ 18. Kg2 Rh2+ 19. Kg1 Rdh8 20. Nxg3 Rxd2
21. Qxd2 Qxg3+ 22. Qg2 Qf4 23. Rfd1 Qe3+ 24. Qf2 Rh1+ 25. Kxh1 Qxf2 0-1

[Event "XXXVII Olimpiadi femminile"]
[Site "Torino ITA"]
[Date "2006.05.24"]
[Round "4.2"]
[White "Mazariegos Kummenfeld, Silvia Carolina"]
[Black "Maroroa, Sue"]
[Result "0-1"]
[WhiteElo "2118"]
[BlackElo "1934"]
[Annotator "NZL-GUA"]
[PlyCount "90"]
[EventDate "2006.05.21"]

1. d4 d5 2. e3 Nf6 3. Bd3 c5 4. c3 e6 5. Nd2 Nc6 6. f4 Qc7 7. Nh3 h6 8. Qf3 Bd7
9. Nf2 cxd4 10. exd4 Bd6 11. Nf1 Ne7 12. g3 Rc8 13. Ne3 b5 14. Bd2 Qb6 15. O-O
b4 16. Qe2 h5 17. Ng2 Bc6 18. Nh4 Qb8 19. Rfe1 g6 20. cxb4 Bxb4 21. Bxb4 Qxb4
22. Bxg6 Nxg6 23. Nxg6 Rg8 24. f5 Ne4 25. Nh4 Qxd4 26. fxe6 Qxf2+ 27. Qxf2 Nxf2
28. exf7+ Kxf7 29. Kxf2 Bb5 30. Nf5 Rc2+ 31. Kg1 Rd8 32. b3 d4 33. Re5 Be2 34.
b4 Kf6 35. Ra5 a6 36. h3 Rb2 37. a3 d3 38. Ne3 Re8 39. Rxa6+ Kg7 40. Ra7+ Kg8
41. Rc1 d2 42. Rcc7 Bc4 43. Rd7 Bb3 44. Rg7+ Kf8 45. Nd1 Rb1 0-1

[Event "XXXVII Olimpiadi femminile"]
[Site "Torino ITA"]
[Date "2006.05.24"]
[Round "4.1"]
[White "Mira, Helene"]
[Black "Nakagawa, Emiko"]
[Result "1-0"]
[WhiteElo "2140"]
[BlackElo "1944"]
[Annotator "AUT-JPN"]
[PlyCount "55"]
[EventDate "2006.05.21"]

1. Nf3 Nf6 2. c4 c5 3. Nc3 Nc6 4. d4 cxd4 5. Nxd4 d6 6. e4 g6 7. Be2 Bg7 8. Be3
O-O 9. O-O h6 10. Qd2 Kh7 11. f3 Ne5 12. Rfc1 b6 13. Nd5 Nxd5 14. cxd5 Bb7 15.
Rc2 Rc8 16. Rac1 Rxc2 17. Qxc2 Qc8 18. Qc7 Bf6 19. f4 Nd7 20. Bg4 Rd8 21. b4
Bxd4 22. Bxd4 Qxc7 23. Rxc7 Bc8 24. Rxa7 Nf6 25. Bxf6 Bxg4 26. Rxe7 Rd7 27. Re8
g5 28. f5 1-0

[Event "XXXVII Olimpiadi femminile"]
[Site "Torino ITA"]
[Date "2006.05.24"]
[Round "4.1"]
[White "Ramirez, Maria Eugenia"]
[Black "Pasku, Roela"]
[Result "0-1"]
[WhiteElo "1940"]
[BlackElo "1892"]
[Annotator "BOL-ALB"]
[PlyCount "140"]
[EventDate "2006.05.21"]

1. e4 d6 2. d4 g6 3. c3 Bg7 4. g3 Nf6 5. Bg2 O-O 6. Ne2 c6 7. O-O Qc7 8. Na3 e5
9. f4 Re8 10. Qd3 Qe7 11. fxe5 dxe5 12. dxe5 Qxe5 13. Nc4 Qb5 14. b3 Be6 15.
Nd4 Bxc4 16. bxc4 Qh5 17. Rb1 Ng4 18. h3 Ne5 19. Qc2 b6 20. Qf2 Re7 21. g4 Nxg4
22. hxg4 Qxg4 23. Qf4 Qc8 24. Ba3 c5 25. Nb5 Be5 26. Qh4 Nc6 27. Nd4 Rc7 28.
Nxc6 Rxc6 29. Rf3 Qa6 30. Rb3 Qxc4 31. Bf1 Qe6 32. Bh3 Qd6 33. Qf2 Rf8 34. Rb2
Qd1+ 35. Qf1 Qa4 36. Rb3 Qxe4 37. c4 Bd4+ 38. Kh2 Rd6 39. Bc1 Qc2+ 40. Kh1 Be5
41. Rf2 Qe4+ 42. Kg1 Bd4 43. Bb2 Bxf2+ 44. Qxf2 Rd1+ 45. Kh2 Rfd8 46. Bg2 R1d2
47. Bxe4 Rxf2+ 48. Kg3 Rdd2 49. Be5 Rfe2 50. Kf3 Rxa2 51. Rd3 Red2 52. Rb3 h5
53. Bb1 Ra4 54. Bf4 Rd4 55. Bd3 f5 56. Be2 Kf7 57. Re3 Re4 58. Rd3 Ra2 59. Bf1
Rxf4+ 60. Kxf4 Rf2+ 61. Rf3 Rxf3+ 62. Kxf3 Kf6 63. Bd3 Ke5 64. Ke3 g5 65. Be2
h4 66. Bf3 g4 67. Bc6 f4+ 68. Kf2 Kd4 69. Bd5 a5 70. Be6 a4 0-1

[Event "XXXVII Olimpiadi femminile"]
[Site "Torino ITA"]
[Date "2006.05.24"]
[Round "4.2"]
[White "Gjergji, Rozana"]
[Black "Cordero, Daniela"]
[Result "1-0"]
[WhiteElo "1986"]
[BlackElo "2031"]
[Annotator "BOL-ALB"]
[PlyCount "53"]
[EventDate "2006.05.21"]

1. e4 c5 2. f4 e6 3. Nf3 Nc6 4. Be2 Nf6 5. d3 d5 6. e5 Nd7 7. c3 Be7 8. O-O O-O
9. d4 f6 10. Be3 fxe5 11. fxe5 Rb8 12. Nbd2 b5 13. Qe1 c4 14. Qg3 Kh8 15. Ng5
Bxg5 16. Bxg5 Qe8 17. Qh3 b4 18. Bh5 g6 19. Bg4 Rf5 20. Bxf5 gxf5 21. Rf3 bxc3
22. bxc3 Nf8 23. Bf6+ Kg8 24. Qh6 Rb7 25. Rb1 Rf7 26. h4 Ng6 27. h5 1-0

[Event "XXXVII Olimpiadi femminile"]
[Site "Torino ITA"]
[Date "2006.05.24"]
[Round "4.1"]
[White "Nuritdinova, Elena"]
[Black "Ryvova, Anna"]
[Result "1/2-1/2"]
[WhiteElo "2087"]
[BlackElo "2057"]
[Annotator "TJK-ICSC"]
[PlyCount "48"]
[EventDate "2006.05.21"]

1. e4 e5 2. Nf3 Nf6 3. Nxe5 d6 4. Nf3 Nxe4 5. d4 d5 6. Bd3 Be7 7. O-O Nc6 8. h3
O-O 9. c4 Nb4 10. Nc3 Nxc3 11. bxc3 Nxd3 12. Qxd3 dxc4 13. Qxc4 Be6 14. Qe2 Bf6
15. Bf4 Re8 16. Qd3 c5 17. Rfd1 cxd4 18. cxd4 Qd5 19. Ne5 Rad8 20. Qf3 Qxf3 21.
Nxf3 Bd5 22. Ne5 a6 23. Ng4 Re6 24. Nxf6+ gxf6 1/2-1/2

[Event "XXXVII Olimpiadi femminile"]
[Site "Torino ITA"]
[Date "2006.05.24"]
[Round "4.1"]
[White "Cast, Abigail"]
[Black "Richards, Deborah"]
[Result "1/2-1/2"]
[WhiteElo "2116"]
[BlackElo "1922"]
[Annotator "WLS-JAM"]
[PlyCount "159"]
[EventDate "2006.05.21"]

1. d4 d5 2. c4 c6 3. Nc3 e6 4. Nf3 Nf6 5. Bg5 dxc4 6. e4 b5 7. e5 h6 8. Bh4 g5
9. Nxg5 hxg5 10. Bxg5 Nbd7 11. exf6 Bb7 12. Qc2 Qa5 13. Bd2 Qb6 14. Be3 Qa5 15.
Bd2 Qc7 16. h4 Nxf6 17. a4 a6 18. Bg5 Nd5 19. Ne4 Bb4+ 20. Bd2 Qf4 21. Nc5
O-O-O 22. axb5 cxb5 23. Nxb7 Kxb7 24. g3 Qxd4 25. Bg2 Qxd2+ 26. Qxd2 Bxd2+ 27.
Kxd2 Kb6 28. Ke2 a5 29. Rhc1 f5 30. Re1 b4 31. Kf3 Rd6 32. Bf1 c3 33. bxc3 Nxc3
34. Bc4 Ne4 35. Kg2 Rc6 36. Bb3 Nc5 37. Bd1 b3 38. Bxb3 Nxb3 39. Reb1 Rc3 40.
Ra3 a4 41. Rxa4 Kc5 42. Ra6 Nd4 43. Rb7 Kd5 44. Rd7+ Ke5 45. Rad6 Nb5 46. Rb6
Nd4 47. Rbd6 Nf3 48. Ra6 f4 49. Rf7 fxg3 50. Rxf3 Rxf3 51. Kxf3 gxf2 52. Ra5+
Kf6 53. Kxf2 Rxh4 54. Ke3 Rh3+ 55. Ke4 Rh1 56. Ra6 Rh4+ 57. Ke3 Kf5 58. Ra8
Re4+ 59. Kf3 Rb4 60. Rf8+ Ke5 61. Re8 Rb3+ 62. Ke2 Kd5 63. Rd8+ Ke4 64. Re8 e5
65. Re7 Rb2+ 66. Ke1 Kd4 67. Re8 e4 68. Kd1 Ke3 69. Re7 Ra2 70. Re8 Ra1+ 71.
Kc2 Kf3 72. Kd2 Ra2+ 73. Ke1 Ke3 74. Kd1 Rd2+ 75. Ke1 Rd4 76. Rh8 Ra4 77. Rh3+
Kd4 78. Ke2 Ra2+ 79. Ke1 e3 80. Rh8 1/2-1/2

[Event "XXXVII Olimpiadi femminile"]
[Site "Torino ITA"]
[Date "2006.05.24"]
[Round "4.2"]
[White "Zhu, Hui"]
[Black "Wilson, Julie"]
[Result "1/2-1/2"]
[WhiteElo "2050"]
[BlackElo "1945"]
[Annotator "WLS-JAM"]
[PlyCount "38"]
[EventDate "2006.05.21"]

1. e4 e6 2. Nf3 d5 3. exd5 exd5 4. d4 Bd6 5. Be2 Ne7 6. O-O O-O 7. Bg5 Be6 8.
c3 Nbc6 9. Bd3 Qd7 10. Re1 Bg4 11. Nbd2 h6 12. Bxe7 Nxe7 13. Qc2 Rae8 14. Ne5
Qc8 15. Nxg4 Qxg4 16. Nf3 c6 17. Re2 Ng6 18. Bxg6 fxg6 19. Rxe8 Rxe8 1/2-1/2

[Event "XXXVII Olimpiadi femminile"]
[Site "Torino ITA"]
[Date "2006.05.24"]
[Round "4.1"]
[White "Mudongo, Boikhutso"]
[Black "Mansour, Mariam"]
[Result "1-0"]
[WhiteElo "1951"]
[BlackElo "1838"]
[Annotator "BOT-UAE"]
[PlyCount "145"]
[EventDate "2006.05.21"]

1. e4 e5 2. Nf3 Nc6 3. Bb5 a6 4. Ba4 Nf6 5. O-O Be7 6. Re1 d6 7. c3 b5 8. Bc2
O-O 9. h3 Na7 10. d4 Nc6 11. a3 Bb7 12. Nbd2 Re8 13. Nf1 exd4 14. cxd4 Nb8 15.
Bg5 Nh5 16. Bc1 Nf6 17. Qd3 h6 18. Ng3 c5 19. d5 Bc8 20. Bf4 Ra7 21. Qd2 Bf8
22. Re2 Rae7 23. Rae1 a5 24. e5 dxe5 25. Bxe5 Nbd7 26. Nf5 Rxe5 27. Nxe5 Bb7
28. Nxd7 Qxd7 29. Rxe8 Nxe8 30. Qxa5 Bxd5 31. Qd2 Qc6 32. Rxe8 Qxe8 33. Qxd5
Qe1+ 34. Kh2 Qxf2 35. Qd3 Qf4+ 36. Qg3 Qd2 37. Qd3 Qf4+ 38. Kh1 Qc1+ 39. Qd1
Qxb2 40. Be4 Qxa3 41. Qg4 Qa1+ 42. Kh2 Qe5+ 43. Ng3 Bd6 44. Qc8+ Bf8 45. Qd7 b4
46. Qf5 Qxf5 47. Nxf5 f6 48. Bd5+ Kh7 49. Kg3 Kg6 50. Ne3 Bd6+ 51. Kf3 f5 52.
Bc4 Kf6 53. Nf1 Ke5 54. Ke3 f4+ 55. Kd3 g5 56. Nd2 Kf5 57. Bd5 g4 58. Be4+ Kg5
59. hxg4 Kxg4 60. Bf3+ Kf5 61. Ne4 Bf8 62. Kc4 Ke5 63. Nf2 Kf5 64. Bd5 Ke5 65.
Bf7 Kf5 66. Kd3 Kg5 67. Ke4 Kf6 68. Bc4 h5 69. Kxf4 Bd6+ 70. Ke4 Ke7 71. Nd3
Kd7 72. Kd5 h4 73. Ke4 1-0

[Event "XXXVII Olimpiadi femminile"]
[Site "Torino ITA"]
[Date "2006.05.25"]
[Round "5.2"]
[White "Kosintseva, Tatiana"]
[Black "Gaponenko, Inna"]
[Result "1/2-1/2"]
[WhiteElo "2489"]
[BlackElo "2430"]
[Annotator "UKR-RUS"]
[PlyCount "145"]
[EventDate "2006.05.21"]

1. e4 c5 2. Nf3 g6 3. d4 cxd4 4. Nxd4 Bg7 5. Nc3 Nc6 6. Be3 Nf6 7. Bc4 O-O 8.
Bb3 d6 9. f3 Nxd4 10. Bxd4 Be6 11. Qd2 Rc8 12. O-O-O Bxb3 13. axb3 Rc6 14. Kb1
e6 15. Ne2 d5 16. Bc3 Qc7 17. Nd4 Ra6 18. Qe2 Rc8 19. Nb5 Qb6 20. Bd4 Qa5 21.
Na3 dxe4 22. fxe4 e5 23. Bf2 Bf8 24. Be1 Qc7 25. Rf1 Qc6 26. Nc4 Qxe4 27. Qxe4
Nxe4 28. Nxe5 f5 29. Rd7 Rd6 30. Rxd6 Bxd6 31. Nf3 b6 32. g3 Rd8 33. c3 Re8 34.
Kc2 Nf6 35. Kd3 Ng4 36. Bd2 Bc5 37. Bf4 a5 38. Kc4 Re2 39. Rd1 h6 40. Rd8+ Kf7
41. h3 g5 42. Bxg5 hxg5 43. hxg4 fxg4 44. Nxg5+ Ke7 45. Rd3 Kf6 46. Rd5 Kg6 47.
Kd3 Re3+ 48. Kd2 Rxg3 49. Ne4 Rg2+ 50. Kd3 Rxb2 51. Rg5+ Kh6 52. Rxg4 Rxb3 53.
Nxc5 bxc5 54. Ra4 Kg6 55. Kc4 Rb8 56. Rxa5 Kf6 57. Rb5 Ra8 58. Kxc5 Rc8+ 59.
Kd4 Ke6 60. Re5+ Kd6 61. Rd5+ Ke6 62. c4 Rc6 63. c5 Ra6 64. Rd8 Ke7 65. Rh8 Kd7
66. Kd5 Rg6 67. Rh7+ Kc8 68. Kc4 Rf6 69. Kb5 Rg6 70. Rf7 Rh6 71. Rf1 Kc7 72.
Ra1 Rg6 73. Re1 1/2-1/2

[Event "XXXVII Olimpiadi femminile"]
[Site "Torino ITA"]
[Date "2006.05.25"]
[Round "5.2"]
[White "Goletiani, Rusudan"]
[Black "Voiska, Margarita"]
[Result "1/2-1/2"]
[WhiteElo "2371"]
[BlackElo "2314"]
[Annotator "BUL-USA"]
[PlyCount "91"]
[EventDate "2006.05.21"]

1. Nf3 Nf6 2. c4 e6 3. Nc3 d5 4. cxd5 exd5 5. d4 Be7 6. Qc2 c6 7. Bg5 Na6 8. a3
Nc7 9. e3 Ne6 10. Bh4 g6 11. Be2 Ng7 12. b4 a6 13. O-O Nf5 14. Bg5 O-O 15. Rfd1
Re8 16. Qb3 Nd6 17. a4 Nfe4 18. Nxe4 dxe4 19. Bxe7 Qxe7 20. Nd2 Qg5 21. Rdc1
Be6 22. Qc2 Bd5 23. Qc5 Nf5 24. Nf1 Nh4 25. Ng3 f5 26. b5 axb5 27. axb5 f4 28.
exf4 Qxf4 29. bxc6 bxc6 30. Rxa8 Rxa8 31. Qc3 Ra2 32. Qe3 Qxe3 33. fxe3 Nf5 34.
Nxf5 Rxe2 35. Ne7+ Kf7 36. Nxd5 cxd5 37. Rc3 Ke6 38. Kf1 Ra2 39. Rc6+ Kd7 40.
Rb6 Rc2 41. Ra6 Ke7 42. Ra7+ Kf6 43. Rxh7 Rc1+ 44. Kf2 Rc2+ 45. Kf1 Rc1+ 46.
Kf2 1/2-1/2

[Event "XXXVII Olimpiadi femminile"]
[Site "Torino ITA"]
[Date "2006.05.25"]
[Round "5.1"]
[White "Hoang, Thanh Trang"]
[Black "Zhao, Xue"]
[Result "1/2-1/2"]
[WhiteElo "2487"]
[BlackElo "2423"]
[Annotator "HUN-CHN"]
[PlyCount "69"]
[EventDate "2006.05.21"]

1. d4 d5 2. c4 e6 3. Nf3 Nf6 4. Nc3 Bb4 5. Qa4+ Nc6 6. a3 Bxc3+ 7. bxc3 Ne4 8.
Qc2 O-O 9. Bf4 Na5 10. e3 b6 11. cxd5 exd5 12. Bd3 Bb7 13. O-O Rc8 14. Rfd1 Qe7
15. Nd2 c5 16. f3 Nf6 17. Re1 Kh8 18. Bf5 Rc6 19. e4 dxe4 20. Nxe4 Nxe4 21.
Rxe4 Re6 22. Bxe6 fxe6 23. Bg3 Bxe4 24. Qxe4 cxd4 25. cxd4 Nb3 26. Re1 Qxa3 27.
Qe3 Qa4 28. Be5 Na5 29. Qg5 Rg8 30. d5 Qb4 31. Bxg7+ Rxg7 32. Qd8+ Rg8 33. Qf6+
Rg7 34. Qd8+ Rg8 35. Qf6+ 1/2-1/2

[Event "XXXVII Olimpiadi femminile"]
[Site "Torino ITA"]
[Date "2006.05.25"]
[Round "5.3"]
[White "Vajda, Szidonia"]
[Black "Hou, Yifan"]
[Result "1-0"]
[WhiteElo "2403"]
[BlackElo "2298"]
[Annotator "HUN-CHN"]
[PlyCount "71"]
[EventDate "2006.05.21"]

1. e4 e6 2. d4 d5 3. exd5 exd5 4. Nf3 Nf6 5. c4 c6 6. Nc3 Be7 7. cxd5 Nxd5 8.
Bd3 O-O 9. h3 Be6 10. O-O Nd7 11. Re1 h6 12. a3 N7f6 13. Ne5 Re8 14. Bd2 Qb6
15. Na4 Qxd4 16. Bxh6 Qh4 17. Bd2 b5 18. Nc3 Bc5 19. Qf3 Nxc3 20. bxc3 Bd5 21.
Qf4 Qh5 22. Qg3 Rad8 23. Bg5 Rd6 24. Bxf6 Rxf6 25. Ng4 Rxe1+ 26. Rxe1 Rg6 27.
Re8+ Kh7 28. Bxg6+ Kxg6 29. Re5 f5 30. Ne3+ Kh7 31. Rxf5 Qe8 32. Qh4+ Kg8 33.
Rh5 Qg6 34. Qd8+ Kf7 35. Rf5+ Ke6 36. Rxd5 1-0

[Event "XXXVII Olimpiadi femminile"]
[Site "Torino ITA"]
[Date "2006.05.25"]
[Round "5.1"]
[White "Cmilyte, Viktorija"]
[Black "Calzetta Ruiz, Monica"]
[Result "1-0"]
[WhiteElo "2470"]
[BlackElo "2317"]
[Annotator "LTU-ESP"]
[PlyCount "97"]
[EventDate "2006.05.21"]

1. d4 Nf6 2. c4 c5 3. d5 b5 4. cxb5 a6 5. bxa6 Bxa6 6. Nc3 g6 7. e4 Bxf1 8.
Kxf1 d6 9. g3 Bg7 10. Kg2 O-O 11. Nf3 Nbd7 12. h3 Ra6 13. Re1 Qa8 14. Re2 e6
15. Bf4 exd5 16. Nxd5 Nxd5 17. Qxd5 Qxd5 18. exd5 Nf6 19. Rd1 Nh5 20. b3 Nxf4+
21. gxf4 Bf6 22. Rde1 Kg7 23. Rc2 Rfa8 24. Ree2 h6 25. Ne1 Ra3 26. Kf3 R8a5 27.
Ke4 c4 28. Rxc4 Rxa2 29. Rxa2 Rxa2 30. Nd3 Ra3 31. Rb4 h5 32. Rb6 Be7 33. Kd4
f5 34. Rb7 Kf6 35. b4 h4 36. b5 Ra4+ 37. Kc3 Bd8 38. Rd7 Ba5+ 39. Kb3 Rd4 40.
Rxd6+ Ke7 41. Re6+ Kd8 42. Ne5 Rxd5 43. Kc4 Rd1 44. b6 Rh1 45. Rxg6 Bxb6 46.
Rxb6 Rxh3 47. Kd5 Rh1 48. Rh6 h3 49. Ke6 1-0

[Event "XXXVII Olimpiadi femminile"]
[Site "Torino ITA"]
[Date "2006.05.25"]
[Round "5.2"]
[White "Delgado Crespo, Mairelys"]
[Black "Daulyte, Deimante"]
[Result "1-0"]
[WhiteElo "2296"]
[BlackElo "2230"]
[Annotator "LTU-ESP"]
[PlyCount "71"]
[EventDate "2006.05.21"]

1. e4 c5 2. Nf3 d6 3. d4 cxd4 4. Nxd4 Nf6 5. Nc3 g6 6. Bc4 Bg7 7. O-O O-O 8.
Re1 Nc6 9. Nb3 Bd7 10. Bf1 Rc8 11. Nd5 Ne5 12. c3 Nc4 13. Bxc4 Rxc4 14. Bg5 Re8
15. f3 Nxd5 16. exd5 h6 17. Be3 b6 18. Qd3 Rc7 19. Bd4 Bf5 20. Qd2 Qa8 21. Bxg7
Kxg7 22. Qd4+ Kh7 23. c4 Qc8 24. Nd2 Qa6 25. a4 Qa5 26. Re3 Rec8 27. b3 Re8 28.
Rae1 a6 29. g4 Bc8 30. Ne4 Rg8 31. Nc3 Re8 32. Ne4 Rg8 33. h4 Qb4 34. Kg2 Qa5
35. Rh1 Qb4 36. Ng5+ 1-0

[Event "XXXVII Olimpiadi femminile"]
[Site "Torino ITA"]
[Date "2006.05.25"]
[Round "5.3"]
[White "Batyte, Daiva"]
[Black "Hernandez Estevez, Yudania"]
[Result "0-1"]
[WhiteElo "2170"]
[BlackElo "2262"]
[Annotator "LTU-ESP"]
[PlyCount "150"]
[EventDate "2006.05.21"]

1. e4 d6 2. d4 Nf6 3. Nc3 g6 4. Nf3 Bg7 5. Be2 O-O 6. O-O Nc6 7. h3 e5 8. dxe5
dxe5 9. Bg5 Be6 10. Nd5 Bxd5 11. Bxf6 Bxf6 12. exd5 Ne7 13. Bc4 Nf5 14. Nd2 Nd6
15. c3 Bg7 16. a4 f5 17. Bb3 e4 18. Re1 Qh4 19. a5 Rae8 20. Ra4 Qg5 21. Bc2 Re7
22. Nf1 Rfe8 23. g3 Qf6 24. Qd4 Qg5 25. Qe3 Qh5 26. h4 f4 27. Qxf4 Bh6 28. Bd1
Qxd1 29. Rxd1 Bxf4 30. gxf4 Rf8 31. Ng3 Rxf4 32. h5 g5 33. Re1 Kg7 34. Rd4 Kf6
35. b4 a6 36. h6 Kg6 37. c4 e3 38. Rxe3 Rxe3 39. fxe3 Rxd4 40. exd4 Nxc4 41.
Ne4 Nd6 42. Nc5 Kxh6 43. Ne6 Kg6 44. Nxc7 Kf5 45. Ne6 h5 46. Kg2 g4 47. Kg3 Ke4
48. Kh4 Kf3 49. Ng5+ Ke3 50. Kxh5 g3 51. Kg4 g2 52. Nh3 Kxd4 53. Kf3 Kxd5 54.
Nf4+ Kc4 55. Nxg2 Kxb4 56. Ke3 Kxa5 57. Kd3 Kb4 58. Kc2 Nc4 59. Ne1 Ne3+ 60.
Kd3 Nd5 61. Kc2 b5 62. Nd3+ Ka3 63. Kb1 a5 64. Ne5 Kb3 65. Nc6 a4 66. Nd4+ Kc4
67. Nc2 b4 68. Kb2 b3 69. Ne1 Nf4 70. Nf3 Nd3+ 71. Kb1 Kc3 72. Ng1 Nf4 73. Nf3
a3 74. Ka1 Nd3 75. Kb1 Nb4 0-1

[Event "XXXVII Olimpiadi femminile"]
[Site "Torino ITA"]
[Date "2006.05.25"]
[Round "5.1"]
[White "Klinova, Masha"]
[Black "Munguntuul, Batkhuyag"]
[Result "1/2-1/2"]
[WhiteElo "2357"]
[BlackElo "2378"]
[Annotator "ISR-MGL"]
[PlyCount "90"]
[EventDate "2006.05.21"]

1. e4 c5 2. Nf3 e6 3. c4 Nc6 4. Nc3 e5 5. d3 d6 6. g3 Be7 7. Bg2 f5 8. O-O Nf6
9. Nd5 fxe4 10. dxe4 O-O 11. Ne1 Kh8 12. Nc2 Nd4 13. Nce3 Rb8 14. b3 b5 15.
cxb5 Rxb5 16. Bb2 Be6 17. Qd3 Rb8 18. Bc3 Qd7 19. Rac1 Bd8 20. Nxf6 Bxf6 21.
Nd5 Bg5 22. Rb1 Rbc8 23. Rb2 Qe8 24. h4 Bd8 25. Rc1 Nc6 26. Rbc2 Qf7 27. Rf1
Bb6 28. Kh2 Qg6 29. Bh3 Bxd5 30. Qxd5 Rc7 31. Bf5 Ne7 32. Bxg6 Nxd5 33. Bf5 c4
34. Ba1 cxb3 35. Rxc7 Nxc7 36. axb3 g6 37. Bd7 Rxf2+ 38. Rxf2 Bxf2 39. Kg2 Bc5
40. Bc3 Kg7 41. Ba5 Bb6 42. Bb4 Bc5 43. Ba5 Bb6 44. Bb4 Bc5 45. Ba5 Bb6 1/2-1/2

[Event "XXXVII Olimpiadi femminile"]
[Site "Torino ITA"]
[Date "2006.05.25"]
[Round "5.2"]
[White "Yanjindulam, Dulamsuren"]
[Black "Igla, Bella"]
[Result "1-0"]
[WhiteElo "2162"]
[BlackElo "2288"]
[Annotator "ISR-MGL"]
[PlyCount "49"]
[EventDate "2006.05.21"]

1. e4 c5 2. Nf3 e6 3. d4 cxd4 4. Nxd4 a6 5. Nc3 b5 6. Bd3 Bc5 7. Be3 Qb6 8. Be2
Bb7 9. a4 b4 10. a5 Qc7 11. Na4 d6 12. e5 Nd7 13. exd6 Bxd6 14. Nb6 Nxb6 15.
axb6 Qd7 16. Bf3 Be5 17. Ra5 Bxd4 18. Bxd4 Ne7 19. O-O O-O 20. Bxg7 Qxd1 21.
Rxd1 Bxf3 22. Bxf8 Bxd1 23. Bxe7 Bxc2 24. Rc5 Be4 25. b7 1-0

[Event "XXXVII Olimpiadi femminile"]
[Site "Torino ITA"]
[Date "2006.05.25"]
[Round "5.3"]
[White "Botvinnik, Irina"]
[Black "Bayaraa, Zorigt"]
[Result "0-1"]
[WhiteElo "2211"]
[BlackElo "2102"]
[Annotator "ISR-MGL"]
[PlyCount "78"]
[EventDate "2006.05.21"]

1. c4 b6 2. Nc3 Bb7 3. e4 e6 4. Nge2 Bb4 5. a3 Bxc3 6. Nxc3 Ne7 7. Qh5 Nbc6 8.
Be2 Nd4 9. Bd1 O-O 10. O-O f5 11. d3 Nec6 12. b4 Ne5 13. Ne2 c5 14. Nxd4 cxd4
15. Bc2 Ng6 16. f4 Qc7 17. e5 d6 18. exd6 Qxd6 19. Bd2 e5 20. fxe5 Nxe5 21.
Rae1 Ng4 22. Bf4 Qc6 23. Re2 Rae8 24. b5 Qg6 25. Qxg6 Rxe2 26. Qc6 Bxc6 27.
bxc6 Rxc2 28. Bd6 Rc8 29. c7 Ne3 30. Rf4 Rxg2+ 31. Kh1 Rg4 32. Rf2 Kf7 33. c5
Ke6 34. cxb6 axb6 35. Bg3 g5 36. Rb2 f4 37. Rxb6+ Kd7 38. Be1 Rxc7 39. h3 Rg2
0-1

[Event "XXXVII Olimpiadi femminile"]
[Site "Torino ITA"]
[Date "2006.05.25"]
[Round "5.1"]
[White "Paehtz, Elisabeth"]
[Black "Sedina, Elena"]
[Result "1/2-1/2"]
[WhiteElo "2438"]
[BlackElo "2373"]
[Annotator "GER-ITA1"]
[PlyCount "135"]
[EventDate "2006.05.21"]

1. e4 e6 2. d4 d5 3. Nc3 Nf6 4. e5 Nfd7 5. f4 c5 6. Nce2 Nc6 7. Nf3 Be7 8. c3
O-O 9. a3 a5 10. Neg1 a4 11. Bd3 f5 12. exf6 Nxf6 13. Ne2 Bd7 14. Bc2 Qe8 15.
Ng3 Na5 16. O-O Nc4 17. Re1 Ra6 18. Ng5 cxd4 19. cxd4 h6 20. Nf3 Qd8 21. Ne5
Be8 22. f5 exf5 23. Nxf5 Nxe5 24. dxe5 Bc5+ 25. Be3 Bxe3+ 26. Rxe3 Bh5 27. Qd3
Ne4 28. Nd6 Kh8 29. Nxe4 dxe4 30. Qxd8 Rxd8 31. Bxe4 Rb6 32. Rb1 Re8 33. Bc2
Bg6 34. Bxg6 Rxg6 35. Re4 Rb6 36. Re2 Ree6 37. Rd1 Rb5 38. Rd4 Rexe5 39. Rxe5
Rxe5 40. Rxa4 Rf5 41. Rb4 Rf7 42. g3 g6 43. Rf4 Rc7 44. Rf2 Kg7 45. Kf1 h5 46.
Ke2 h4 47. gxh4 Rc4 48. Kd3 Rxh4 49. Kc3 g5 50. Rd2 Kf6 51. b3 Ke5 52. a4 Rh3+
53. Kc4 g4 54. b4 Rh6 55. a5 Rc6+ 56. Kb5 Rh6 57. Rd7 Rxh2 58. Rxb7 g3 59. Rg7
Kf4 60. Kb6 g2 61. Rg8 Rh6+ 62. Kb7 Rh7+ 63. Kc6 Rh6+ 64. Kc7 Rh7+ 65. Kc6 Rh6+
66. Kc7 Rh7+ 67. Kd6 Rh6+ 68. Kc7 1/2-1/2